00738nam a2200229Ia 4500001000900000003000500009005001700014008004100031010001100072020001800083040000900101082002000110100001800130245012600148260002700274300001000301440004300311503000800354504002900362650005900391650005800450dia_5067CHAP20251023171955.0220117s2006 xx 000 0 und d a175892 a92-5-305386-0 cCHAP a636.08 F73 2006 aFraser, David aEl bienestar animal y la intensificación de la producción animal : una interpretación alternativa /c David Fraser aItalia :b FAO,c2006 a32 p. aDocumentos de la FAO sobre ética ; 2 aC/e aBibliografía: p. 23-25 aBienestar de los animalesxAspectos morales y éticos aIndustria agropecuariaxAspectos morales y éticos